Представление документа в формате MARC21

ПолеНазваниеЗначение
  Тип записи a
  Библиографический уровень m
001 Контрольный номер BIBLIOCLUB\0000725965
005 Дата корректировки 20260430154907.5
006 m o d
007 Элементы данных для физической характеристики c|||||||||||||
008 Кодируемые данные s2026 rus o rus d
020 Индекс ISBN __
a ISBN 978-5-9729-2690-9
041 Код языка издания 0_
a Код языка текста rus
084 Индекс другой классификации/Индекс ББК __
a Индекс другой классификации/Индекс ББК 33.12я73
b Номер единицы LBC/PL
2 Источник индекса rubbk
084 Индекс другой классификации/Индекс ББК __
a Индекс другой классификации/Индекс ББК 33.3я73
b Номер единицы LBC/PL
2 Источник индекса rubbk
100 Автор 1_
a Автор Смолич С. В.
245 Заглавие 10
a Заглавие Маркшейдерское дело: предрасчет точности маркшейдерско-геодезических работ
b Продолж. заглавия учебное пособие
c Ответственность С. В. Смолич
250 Сведения об издании __
a Основные сведения об издании 2-е изд., перераб. и доп.
260 Выходные данные __
a Место издания Москва, Вологда
b Издательство Инфра-Инженерия
c Дата издания 2026
300 Физическое описание __
a Объем 276 с.
504 Библиография __
a Библиография Библиогр. в кн
653 Ключевые слова 1_
a Ключевые слова Учебник для высшей школы
856 Электронный адрес документа 40
3 Область применения данных поля Университетская библиотека ONLINE
u URL https://biblioclub.ru/index.php?page=book&id=725965
900 Электронные ресурсы __
a Имя электронного ресурса https://img.biblioclub.ru/sm_cover/e945e8f7d50274c6cf926256a6cbc3fdbomko1hyv5/cover.jpg